[Event "Challenge"]
[Site "http://www.queenalice.com/game.php?id=1831953"]
[Date "2024.2.20"]
[Round "-"]
[White "AdilsonGomes"]
[Black "AntoniusBlock"]
[Result "0-1"]
[WhiteElo "1814"]
[BlackElo "1381"]

1. e4 e5 2. Nf3 Nc6 3. Bc4 Nh6 4. c3 f5 5. d3 Bc5 6. Nxe5 Nxe5 7. Bb3 Nhf7 8. d4
O-O 9. dxc5 d6 10. Be3 Ng4 11. O-O fxe4 12. Nd2 dxc5 13. Bxc5 Qh4 14. h3 Nf6 15.
Bxf8 Kxf8 16. Bc2 Bf5 17. Qe2 Re8 18. Qc4 Bxh3 19. g3 Bxf1 20. Qc5+ Nd6 21. Nxe4
Qh3 22. Rxf1 Ng4 0-1

[Event "mommy's having lobster, michael"]
[Site "http://www.queenalice.com/game.php?id=1835075"]
[Date "2024.4.13"]
[Round "-"]
[White "AntoniusBlock"]
[Black "mdfran72"]
[Result "1/2-1/2"]
[WhiteElo "1396"]
[BlackElo "1631"]

1. e4 g6 2. Nf3 Bg7 3. d4 Nh6 4. Bxh6 Bxh6 5. Nbd2 Bxd2+ 6. Nxd2 c6 7. d5 c5 8.
Nc4 d6 9. Qd3 e5 10. dxe6 O-O 11. Nxd6 fxe6 12. O-O-O Rxf2 13. Qe3 Rf8 14. Bc4
b6 15. Rhf1 Rxf1 16. Rxf1 Qxd6 17. e5 Qe7 18. Rf6 Nc6 19. Qe4 Bd7 20. h4 Rf8 21.
Qf4 Rxf6 22. exf6 Qf7 23. g4 Be8 24. h5 Nd4 25. c3 Nc6 26. h6 a5 27. Bb5 Na7 28.
Bxe8 Qxe8 29. Qc7 Qf7 30. Qb8+ Qf8 31. Qxa7 Qxf6 32. Qb8+ Qf8 33. Qxb6 Qxh6+ 34.
Kc2 Qe3 35. Qd8+ Kf7 36. Qd7+ Kg8 37. Qe8+ Kg7 38. Qe7+ Kh6 39. Qh4+ Kg7 40.
Qe7+ Kh6 41. Qh4+ Kg7 42. Qe7+ Kh6 1/2-1/2

[Event "ENdless Food Endless Drink BMTFC"]
[Site "http://www.queenalice.com/game.php?id=1836104"]
[Date "2024.5.1"]
[Round "-"]
[White "AntoniusBlock"]
[Black "mdfran72"]
[Result "0-1"]
[WhiteElo "1405"]
[BlackElo "1622"]

1. d4 d5 2. g3 f5 3. Nh3 e6 4. Bf4 Bd6 5. Qd2 Nf6 6. Bg5 h6 7. Bxf6 Qxf6 8. Nf4
Bxf4 9. Qxf4 Qe7 10. Qe5 Nc6 11. Qf4 g5 12. Qf3 Nxd4 13. Qa3 Nxc2+ 0-1

[Event "Revenge"]
[Site "http://www.queenalice.com/game.php?id=1836246"]
[Date "2024.5.4"]
[Round "-"]
[White "AntoniusBlock"]
[Black "mdfran72"]
[Result "1-0"]
[WhiteElo "1398"]
[BlackElo "1629"]

1. d4 d5 2. b3 Nc6 3. Bb2 Nf6 4. c4 dxc4 5. bxc4 e5 6. Nf3 e4 7. Nfd2 Nxd4 8. e3
Nc6 9. g3 Bg4 10. Be2 Bb4 11. Bxg4 O-O 12. a3 Bd6 13. Nc3 Ne5 14. h3 Nd3+ 15.
Kf1 Nxb2 16. Qc2 Nd3 17. Ndxe4 Ne5 18. Nd5 Nfxg4 19. hxg4 Nxg4 20. Nxd6 Qxd6 21.
Qxh7# 1-0

[Event "Here is SubZero. Now Plain Zero."]
[Site "http://www.queenalice.com/game.php?id=1836608"]
[Date "2024.5.10"]
[Round "-"]
[White "mdfran72"]
[Black "AntoniusBlock"]
[Result "1-0"]
[WhiteElo "1604"]
[BlackElo "1423"]

1. Nf3 d5 2. d4 g6 3. Nc3 Be6 4. g3 Bg7 5. Bg2 Nc6 6. e3 Nh6 7. e4 Bxd4 8. Nxd4
Nxd4 9. Qxd4 f6 10. Bxh6 b6 11. exd5 Bf5 12. Be4 Be6 13. O-O-O c5 14. Qe3 Bg4
15. Rde1 a5 16. h3 Bc8 17. Nb5 Ba6 18. Qd3 Qd7 19. c4 Bxb5 20. cxb5 Rc8 21. Qc4
Qd6 22. Bf4 Qd7 23. a4 g5 24. Bd2 f5 25. Bg2 O-O 26. d6+ e6 27. Qxe6+ Rf7 28.
Bc6 Rxc6 29. bxc6 Qxc6 30. Qe8+ Qxe8 31. Rxe8+ Rf8 32. d7 Kg7 33. Rxf8 Kxf8 34.
d8=Q+ Kf7 35. Bxg5 Kg6 36. Qf6+ Kh5 37. Qh6# 1-0

[Event "Buy Chawini"]
[Site "http://www.queenalice.com/game.php?id=1837159"]
[Date "2024.5.20"]
[Round "-"]
[White "AntoniusBlock"]
[Black "mdfran72"]
[Result "0-1"]
[WhiteElo "1414"]
[BlackElo "1613"]

1. d4 d5 2. Nc3 e6 3. e3 f5 4. Nf3 Nf6 5. Be2 Nc6 6. h3 Ne4 7. Nxe4 fxe4 8. Ne5
Nxe5 9. dxe5 Qg5 10. f4 exf3 11. gxf3 Qxe5 12. f4 Qe4 13. Bf3 Qg6 14. h4 Qg3+
15. Kd2 b6 16. Rg1 Qxh4 17. Rg4 Qf2+ 18. Kc3 g6 19. Rg2 Qh4 20. Rg4 Qe7 21. Qd4
Bg7 22. f5 Bxd4+ 23. Rxd4 c5 24. Rf4 Qf6+ 25. Kd2 exf5 26. Bxd5 Rb8 27. c3 Bb7
28. Bc4 g5 29. Rf2 Qd6+ 30. Kc2 Bc8 31. Bd2 Be6 32. Bb5+ Ke7 33. e4 f4 34. Be2
Rbd8 35. Rd1 Bxa2 36. c4 Qe6 37. Rg2 Qxe4+ 38. Kc3 Qxg2 39. Re1 Qg3+ 40. Bd3+
Kf7 41. Kc2 Qxd3+ 42. Kd1 Qxd2# 0-1

[Event "The White Etheopian"]
[Site "http://www.queenalice.com/game.php?id=1837855"]
[Date "2024.6.1"]
[Round "-"]
[White "mdfran72"]
[Black "AntoniusBlock"]
[Result "1-0"]
[WhiteElo "1621"]
[BlackElo "1406"]

1. e4 Nc6 2. d4 d5 3. e5 Qd7 4. Nf3 Qe6 5. b3 Bd7 6. c4 dxc4 7. Bxc4 Qf5 8. Nbd2
Na5 9. b4 Nxc4 10. Nxc4 Qe4+ 11. Be3 Qc6 12. Na5 Qc3+ 13. Bd2 Qb2 14. Nxb7 Bc8
15. Nc5 e6 16. Qa4+ Bd7 17. Qxd7# 1-0

[Event "Challenge"]
[Site "http://www.queenalice.com/game.php?id=1837968"]
[Date "2024.6.3"]
[Round "-"]
[White "AdilsonGomes"]
[Black "AntoniusBlock"]
[Result "1-0"]
[WhiteElo "1831"]
[BlackElo "1399"]

1. e4 e5 2. Nf3 d6 3. Bc4 c6 4. Nc3 g6 5. d4 Nd7 6. Ng5 h6 7. Nxf7 Qf6 8. Nxh8
Qxh8 9. d5 cxd5 10. Nxd5 Nb6 11. Nc7+ Kd8 12. Nxa8 Nxa8 13. Be3 Ne7 14. Qxd6+
Bd7 15. Be6 Qf6 16. Qxd7# 1-0

[Event "Challenge"]
[Site "http://www.queenalice.com/game.php?id=1837969"]
[Date "2024.6.3"]
[Round "-"]
[White "AntoniusBlock"]
[Black "AdilsonGomes"]
[Result "0-1"]
[WhiteElo "1390"]
[BlackElo "1833"]

1. d4 Nf6 2. Nf3 d6 3. Nc3 c6 4. g3 g6 5. Bg5 Bg7 6. Qd2 Qb6 7. Na4 Qc7 8. Bg2
Ne4 9. Qe3 Nxg5 10. Nxg5 O-O 11. Qf4 Qa5+ 12. Nc3 Qb6 13. Na4 Qb4+ 14. Nc3 Qxb2
15. Kd2 Bh6 16. Na4 Qb4+ 17. Nc3 Bxg5 18. Qxg5 Qxd4+ 19. Ke1 Qxc3+ 20. Kf1 Qxa1+
0-1

[Event "One big fat jurassic hour"]
[Site "http://www.queenalice.com/game.php?id=1838070"]
[Date "2024.6.5"]
[Round "-"]
[White "AntoniusBlock"]
[Black "mdfran72"]
[Result "0-1"]
[WhiteElo "1397"]
[BlackElo "1628"]

1. d4 d5 2. b3 Nc6 3. c3 e5 4. Nd2 e4 5. e3 f5 6. f4 Nge7 7. Nh3 g6 8. Be2 a6 9.
O-O b5 10. b4 Qd6 11. Ng5 h6 12. Nf7 Kxf7 13. Qb3 g5 14. Bh5+ Ng6 15. Bxg6+ Kxg6
16. Qd1 g4 17. g3 a5 18. Ba3 axb4 19. Bb2 bxc3 20. Bxc3 b4 21. Bb2 Ba6 22. Rf2
Bc4 23. h3 h5 24. Rh2 Be7 25. Nxc4 dxc4 26. d5 c3 27. hxg4 hxg4 28. Rc1 Na5 29.
Rh4 Bxh4 30. Rc2 cxb2 31. Rxb2 Bxg3 32. Rg2 Rh3 33. Qd4 Rah8 34. Qd2 Rh1# 0-1

[Event "Whhoooaaa thats hot!"]
[Site "http://www.queenalice.com/game.php?id=1838586"]
[Date "2024.6.14"]
[Round "-"]
[White "mdfran72"]
[Black "AntoniusBlock"]
[Result "1-0"]
[WhiteElo "1635"]
[BlackElo "1388"]

1. d4 d5 2. Nf3 b6 3. Nbd2 Nc6 4. e3 Bd7 5. c4 Na5 6. b4 Nxc4 7. Nxc4 dxc4 8.
Bxc4 b5 9. Bb3 Nf6 10. a4 c6 11. a5 c5 12. bxc5 g6 13. a6 Bg7 14. Ne5 Be6 15.
Nc6 Qc7 16. Ne5 Nd5 17. Qd3 Rb8 18. O-O Nb4 19. Qc3 Nd5 20. Bxd5 Bxd5 21. Ba3 f6
22. Nd3 O-O 23. Bb4 Qd7 24. f3 Bc4 25. Rf2 Rbd8 26. Nf4 g5 27. Ne2 e5 28. g4 Qe6
29. h3 Rd7 30. Ng3 Rfd8 31. Nf5 e4 32. f4 h5 33. fxg5 fxg5 34. Qd2 Be5 35. gxh5
Rf7 36. Nd6 Rxf2 37. Qxf2 Rf8 38. Qg2 Rf3 39. Qxg5+ Kf8 40. dxe5 Qxh3 41. Nxc4
bxc4 42. c6+ Kf7 43. Qg6# 1-0

[Event "Greasy Italian Skeleton"]
[Site "http://www.queenalice.com/game.php?id=1839447"]
[Date "2024.7.1"]
[Round "-"]
[White "AntoniusBlock"]
[Black "mdfran72"]
[Result "0-1"]
[WhiteElo "1382"]
[BlackElo "1656"]

1. d4 d5 2. g3 Nf6 3. Nc3 c6 4. Bg2 Nbd7 5. Nf3 b5 6. b4 a5 7. Ba3 a4 8. Qd3 g6
9. Ne5 Nxe5 10. dxe5 Nh5 11. O-O-O e6 12. f4 f5 13. exf6 Qxf6 14. Rhf1 Bg7 15.
Bb2 a3 16. Ba1 Qe7 17. g4 Nf6 18. Bf3 Qxb4 19. g5 Nh5 20. Bxh5 gxh5 21. Nb1 Bxa1
22. Nxa3 Bb2+ 23. Kb1 Bxa3+ 24. Ka1 Qb2# 0-1

[Event "Cheese E Dick"]
[Site "http://www.queenalice.com/game.php?id=1840483"]
[Date "2024.7.18"]
[Round "-"]
[White "mdfran72"]
[Black "AntoniusBlock"]
[Result "1-0"]
[WhiteElo "1657"]
[BlackElo "1377"]

1. e4 e5 2. d4 Nc6 3. d5 Nd4 4. Nf3 Nxf3+ 5. Qxf3 f6 6. c4 c5 7. Nc3 d6 8. Bd2
g5 9. g4 Bh6 10. h4 Ne7 11. h5 O-O 12. Na4 b6 13. b4 Qc7 14. Bd3 Bd7 15. b5 Rf7
16. O-O Raf8 17. Nc3 Qc8 18. Ne2 f5 19. Ng3 fxg4 20. Qg2 Rf3 21. Be2 R3f6 22. f3
gxf3 23. Bxf3 g4 24. Bxh6 Rxh6 25. Be2 Rff6 26. Rxf6 Rxf6 27. Rf1 Qf8 28. Rxf6
Qxf6 29. Qf2 Qg7 30. a4 Qg5 31. Bd3 h6 32. Kg2 Qh4 33. Kf1 Qh3+ 34. Ke2 Qh4 35.
Kd1 Qg5 36. Kc2 Qg7 37. Nf5 Qf8 38. Qf1 Be8 39. Ng3 Bf7 40. Be2 Qg7 41. Qd1 Qg5
42. Bxg4 Qh4 43. Nf5 Qh2+ 44. Qe2 Qxe2+ 45. Bxe2 Nxf5 46. exf5 e4 47. Kd2 Kg7
48. Ke3 Kf6 49. Kxe4 Kg5 50. Bf3 Bxh5 51. Bxh5 Kxh5 52. Kf4 Kh4 53. f6 h5 54. f7
Kh3 55. f8=Q h4 56. Qg8 Kh2 57. Kf3 Kh3 58. Qg2# 1-0

[Event "Bobby Peru don't come up for air"]
[Site "http://www.queenalice.com/game.php?id=1841513"]
[Date "2024.8.7"]
[Round "-"]
[White "AntoniusBlock"]
[Black "mdfran72"]
[Result "1-0"]
[WhiteElo "1372"]
[BlackElo "1670"]

1. e4 e5 2. Nf3 d6 3. Bd3 Bg4 4. h3 Bd7 5. Nc3 Ne7 6. Nd5 Nxd5 7. exd5 c5 8. c4
f5 9. O-O f4 10. b3 g5 11. g4 Qf6 12. Bb2 Na6 13. a3 O-O-O 14. Qc2 h6 15. Bc3
Re8 16. b4 b6 17. b5 Nc7 18. a4 a5 19. bxa6 Kb8 20. a5 Nxa6 21. axb6 Kb7 22.
Rfb1 Ra8 23. Ra5 Qd8 24. Rba1 Qxb6 25. Rb1 Nb4 26. Bxb4 cxb4 27. Rxa8 Kxa8 28.
Ra1+ Kb7 29. Qb3 Bg7 30. Be4 Ra8 31. Rc1 Ra3 32. Qc2 Be8 33. Ne1 Rxh3 34. Kg2
Ra3 35. Rb1 h5 36. Nd3 b3 37. Qc3 Ka7 38. Nc1 hxg4 39. Rxb3 Rxb3 40. Nxb3 Bd7
41. f3 g3 42. c5 Qb5 43. Bd3 Qa4 44. cxd6 Kb8 45. Qc7+ Ka8 46. Qd8+ Ka7 47. Nc5
Qd4 48. Qxd7+ Kb6 49. Qc6+ Ka5 50. Nb3+ Kb4 51. Nxd4 exd4 52. d7 Bf8 53. d8=Q
Bc5 54. Qb8+ Ka5 55. Qxc5+ Ka4 56. Bc2# 1-0

[Event "Don't touch it"]
[Site "http://www.queenalice.com/game.php?id=1842667"]
[Date "2024.8.28"]
[Round "-"]
[White "mdfran72"]
[Black "AntoniusBlock"]
[Result "0-1"]
[WhiteElo "1642"]
[BlackElo "1400"]

1. d4 d5 2. f4 Nf6 3. e3 Ne4 4. Nf3 f6 5. c4 Be6 6. c5 Nc6 7. Nbd2 g5 8. fxg5
fxg5 9. Ne5 Nxe5 10. dxe5 Nxc5 11. b4 Ne4 12. Nxe4 dxe4 13. Qxd8+ Rxd8 14. b5
Bg7 15. Bb2 O-O 16. Bd4 c5 17. Bxc5 Bxe5 18. Rd1 Bd5 19. Bxe7 Bc3+ 20. Ke2 Bc4+
21. Rd3 Bxd3+ 22. Kd1 Bxf1+ 23. Kc2 Rf2+ 24. Kxc3 Rd3+ 25. Kb4 Rb2+ 26. Kc4
Rdd2+ 27. Kc3 Rbc2+ 28. Kb4 Rc4+ 29. Kb3 Rd1 30. Bxg5 Rb1+ 31. Ka3 a5 32. bxa6
bxa6 33. h4 Rc3+ 34. Ka4 Bb5+ 35. Ka5 Ra3+ 36. Kb6 Rxh1 37. g3 Rxa2 38. Bd8 Rd2
39. Bc7 Rd7 40. Bf4 Rhd1 41. g4 Rc1 42. g5 Rc6+ 43. Ka5 Rc4 44. h5 Rb7 45. g6
Ra4# 0-1

[Event "The Mayor of Moscow's Wife"]
[Site "http://www.queenalice.com/game.php?id=1843522"]
[Date "2024.9.11"]
[Round "-"]
[White "AntoniusBlock"]
[Black "mdfran72"]
[Result "0-1"]
[WhiteElo "1426"]
[BlackElo "1607"]

1. d4 g6 2. Nf3 Bg7 3. e4 f5 4. Bd3 Nc6 5. d5 Nb4 6. Bd2 Nxd3+ 7. cxd3 Bxb2 8.
Na3 Bxa3 9. Bc3 Nf6 10. Qb1 f4 11. Qb3 Bc5 12. d4 Bb6 13. e5 Ne4 14. Nd2 Nxc3
15. Qxc3 d6 16. O-O dxe5 17. dxe5 Qxd5 18. e6 Bd4 19. Qd3 c6 20. Nf3 Bxa1 21.
Qxd5 cxd5 22. Rxa1 Bxe6 23. h4 O-O 24. Ng5 Bf5 25. Re1 Rae8 26. Ne6 Bxe6 27.
Rxe6 Rf6 28. Re5 e6 29. g3 f3 30. h5 Rf5 31. Re3 d4 32. Rd3 e5 33. g4 Rf4 34.
hxg6 hxg6 35. Kh2 Re7 36. Kh3 Rh7+ 37. Kg3 Rhf7 38. Rd1 g5 39. Rc1 e4 40. Rc8+
Rf8 41. Rc5 Kh7 42. Rxg5 d3 43. Rh5+ Kg6 44. Rd5 b6 45. Kh4 Kf6 46. Kh5 Ke6 47.
Rd4 Ke5 48. Ra4 a5 49. Ra3 d2 50. g5 Rh8+ 51. Kg6 d1=Q 52. Kg7 Qd8 53. Rxa5+
bxa5 54. a4 Qg8# 0-1

[Event "A nice healthy shit!"]
[Site "http://www.queenalice.com/game.php?id=1844369"]
[Date "2024.9.28"]
[Round "-"]
[White "mdfran72"]
[Black "AntoniusBlock"]
[Result "1-0"]
[WhiteElo "1616"]
[BlackElo "1417"]

1. d4 d5 2. e3 Nf6 3. c4 Bf5 4. Nc3 Nc6 5. c5 Ne4 6. f3 Nxc3 7. bxc3 b5 8. Bxb5
Bd7 9. Ne2 a6 10. Bd3 g6 11. e4 Be6 12. e5 Na5 13. Qa4+ Qd7 14. Qxa5 Bg7 15.
Bxa6 Bf5 16. Qb5 c6 17. Qb7 Qd8 18. Qxc6+ Bd7 19. Qb7 Rb8 20. Qxd5 O-O 21. O-O
Re8 22. Bd3 e6 23. Qc4 Rb5 24. a4 Qa5 25. Be3 Rb7 26. c6 Rc7 27. Qb5 Ra8 28.
cxd7 Qa7 29. Qb2 Rxd7 30. a5 Rd5 31. a6 Qe7 32. Nf4 Rdd8 33. Rfb1 g5 34. Nh5 f6
35. exf6 Bxf6 36. Nxf6+ Qxf6 37. Qc2 e5 38. Bxh7+ Kg7 39. Be4 Rxa6 40. Rxa6 Qxa6
41. Bxg5 Qa7 42. Rb7+ Rd7 43. Rxa7 Rxa7 44. dxe5 Ra1+ 45. Bc1 Kf7 46. g4 Ke6 47.
f4 Ra5 48. Qb3+ Kd7 49. Qb7+ Ke8 50. Bc6+ Kf8 51. f5 Rxe5 52. Ba3+ Kg8 53. Qb8+
Kf7 54. Qxe5 Kg8 55. Bd5+ Kh7 56. Qe7+ Kh8 57. Qf6+ Kh7 58. Qg6+ Kh8 59. Qe8+
Kh7 60. Bg8+ Kg7 61. c4 Kf6 62. Qe7# 1-0

[Event "a beaker full of death"]
[Site "http://www.queenalice.com/game.php?id=1845634"]
[Date "2024.10.17"]
[Round "-"]
[White "AntoniusBlock"]
[Black "mdfran72"]
[Result "0-1"]
[WhiteElo "1409"]
[BlackElo "1601"]

1. d4 d5 2. g3 f5 3. Nc3 e6 4. Bg2 Nf6 5. Nf3 Bd6 6. O-O Nbd7 7. Bf4 Bxf4 8.
gxf4 Ne4 9. Nxe4 dxe4 10. Ne5 Nxe5 11. dxe5 Qxd1 12. Raxd1 O-O 13. e3 b5 14. b4
a5 15. Rd4 axb4 16. Rxb4 Rxa2 17. c4 bxc4 18. Rxc4 Ba6 19. Rxc7 Bxf1 20. Bxf1
Raa8 21. Bc4 Rae8 22. Rc6 Kf7 23. h4 h5 24. Kh2 Rh8 25. Bb5 Re7 26. Rd6 Rh6 27.
Rd8 Rg6 28. Rd7 Rxd7 29. Bxd7 Ke7 30. Ba4 Rg4 31. Kh3 Rg1 32. Bc2 Rh1+ 33. Kg3
Rc1 34. Bb3 Kd7 35. Ba4+ Ke7 36. Bb3 Rc7 37. Bd1 g6 38. Kg2 Kd7 39. Kg3 Kc6 40.
Kg2 Kc5 41. Bb3 Rc6 42. Ba4 Rc7 43. Be8 Rg7 44. Kf1 Kc4 45. Ke2 Kc3 46. Bb5 Rg8
47. Bc6 Rg7 48. Be8 Kc2 49. Bb5 Re7 50. Ba4+ Kc1 51. Ke1 Rc7 52. Bb3 Kb2 53.
Bxe6 Rg7 54. Bd5 Kc2 55. e6 Re7 56. Ke2 Kc3 57. Ke1 Kd3 58. Kd1 Rc7 59. e7 Rxe7
60. Kc1 Ke2 61. Bc4+ Kxf2 62. Kd2 Kg3 63. Ke2 Kxh4 64. Kf2 g5 65. Be2 g4 66. Kg2
Rd7 67. Bb5 Rd2+ 68. Kf1 g3 69. Ke1 Rh2 70. Kf1 g2+ 71. Kg1 Kh3 72. Be2 h4 73.
Bh5 Rh1+ 74. Kf2 g1=Q+ 75. Ke2 Qg2# 0-1